| 000 | 00615nam a2200145Ia 4500 | ||
|---|---|---|---|
| 008 | 170221s9999 xx 000 0 und d | ||
| 100 | _aElena Ivanovna Danilina | ||
| 245 | _aIncrease of Effectiveness of Economy Management in Municipalities (through the example of Energy Conservation) | ||
| 245 | _cElena Ivanovna Danilina, Vladimir Evgenevich Chebotarev, Olga Sergeevna Reznikova, Dmitry Vladimirovich Gorelov | ||
| 260 | _bInternational Review of Management and Marketing | ||
| 260 | _c2012 | ||
| 300 | _a3 : 3 | ||
| 650 | _xMarketing. | ||
| 856 | _uhttp://www.econjournals.com/index.php/irmm/issue/view/113 | ||
| 999 |
_c313997 _d313997 |
||